| 000 | 00563 a2200193 4500 | ||
|---|---|---|---|
| 003 | OSt | ||
| 005 | 20180116182650.0 | ||
| 008 | 170823b xxu||||| |||| 00| 0 eng d | ||
| 020 | _a0 | ||
| 040 | _c0 | ||
| 082 | _a346.08215 IBP 1990 | ||
| 100 | _aThe Institute of Bankers in Pakistan | ||
| 245 |
_aInternational Banking _cThe Institute of Bankers in Pakistan |
||
| 260 |
_aPakistan _bThe Institute of Bankers in Pakistan _c1990 |
||
| 300 |
_a236p _bHB |
||
| 440 | _aInternational Banking | ||
| 500 | _aHard cover | ||
| 942 |
_aNBS _cBK _k346.08215 IBP 1990 _2ddc |
||
| 999 |
_c343653 _d343653 |
||